• 首页
  • 本馆介绍
  • 公告通知
  • 最新文献
  • 馆藏检索
  • 电子资源
  • 读者导购
  • 参考咨询
  • 我的图书馆
  • 登录
  • 详细信息显示
  • 放入我的书架
  • 预约/预借图书
  • 作者相关作品
  • 分类相关作品
  • 丛书相关作品
  • 出版社相关作品

书目信息

  • 表格格式
  • 工作单格式
  • 卡片格式
题名:
康有为、梁启超教育名著导读
    
 
作者: 于静 , 高海水 编著
分册:  
出版信息: 长春   吉林文史出版社  2016.06
页数: 220页
开本: 24cm
丛书名:
单 册:
中图分类: G40-092.6
科图分类:
主题词: 康有为--kang you wei--教育思想--研究 , 梁启超--liang qi chao--教育思想--研究
电子资源:
ISBN: 978-7-5472-3060-2
000 01042nam0 2200265 450
001 0104125651
005 20201104125714.0
010    @a978-7-5472-3060-2@dCNY39.80
100    @a20160826e20192016em y0chiy50 ea
101 0  @achi
102    @aCN@b220000
105    @ay z 000yy
106    @ar
200 1  @a康有为、梁启超教育名著导读@Akang you wei、liang qi chao jiao yu ming zhu dao du@f于静, 高海水编著
210    @a长春@c吉林文史出版社@d2016.06@h2019.12
215    @a220页@d24cm
300    @a中外教育名著导读书系
330    @a本书分为康有为教育名著导读和梁启超教育名著导读两部分。内容包括:康有为的生平及主要教育活动、教育名著为一《大同书》、教育名著之二《公车上书》、教育名著之三《长兴学记》、梁启超的生平及主要教育活动、教育名著之一《学校总论》等。
606 0  @a康有为@Akang you wei@x教育思想@x研究
606 0  @a梁启超@Aliang qi chao@x教育思想@x研究
690    @aG40-092.6@v5
701  0 @a于静@AYu Jing@4编著
701  0 @a高海水@Agao hai shui@4编著
801  0 @aCN@bBJSZM@c20201104
905    @b1262195-8@dG40-092.6@e1136@f4
    
    康有为、梁启超教育名著导读/于静, 高海水编著.-长春:吉林文史出版社,2016.06(2019.12)
    220页;24cm
    中外教育名著导读书系
    
    ISBN 978-7-5472-3060-2:CNY39.80
    本书分为康有为教育名著导读和梁启超教育名著导读两部分。内容包括:康有为的生平及主要教育活动、教育名著为一《大同书》、教育名著之二《公车上书》、教育名著之三《长兴学记》、梁启超的生平及主要教育活动、教育名著之一《学校总论》等。
●
相关链接 在E读中查询图书 在五车中查询图书 在当当中查询图书 在豆瓣中查询图书


正题名:康有为、梁启超教育名著导读     索取号:G40-092.6/1136         预约/预借

序号 登录号 条形码 馆藏地/架位号 状态 备注
1 1262195   212621956   第一样本阅览室/ [索取号:G40-092.6/1136] 在馆    
2 1262196   212621965   教育系资料室/ [索取号:G40-092.6/1136] 在馆    
3 1262197   212621974   教育系资料室/ [索取号:G40-092.6/1136] 在馆    
4 1262198   212621983   第四借阅区/ [索取号:G40-092.6/1136] 在馆    
唐山师范学院图书馆 欢迎您!
大连网信软件有限公司© 版权所有